000 01061cad a22001935a 4500
001 E148556
008 091001e20090804xxk v 000 0 eng d
035 _a(Sirsi) u148556
041 0 _aeng
245 0 0 _aRobert Fleeman v David Lyon and Joanne Lyon
_bopinion
_h[electronic resource]
260 _c2009
520 _aLTS/TC/2008/60 4 August 2009. Concerned an application under the Title Conditions (Scotland) Act 2003 S34(3) and S90(i)(c) relating to the respondents' proposals to discharge conditions to allow them to build a new property in their garden. The applicants (their neighbours) opposed this. "Held": application allowed: the conditions should not be discharged without having any safeguards in place.
650 2 4 _aFLEEMAN V LYON AND ANOR
650 2 4 _aTITLE CONDITIONS (SCOTLAND) ACT 2003
651 4 _aScotland
_y1999-
690 _aPlanning and development
_96259
856 4 0 _uhttps://www.lands-tribunal-scotland.org.uk/decisions/LTS.TC.2008.60.html
_zView the decision free of charge at www.lands-tribunal-scotland.org.uk...
942 _n0
999 _c81884
_d81884